000 00346 a2200109 4500
001 ART_11565
005 20260410161858.0
008 260409a
245 1 0 _aDeterministic and stochastic policy decisions
100 1 _aYoung, Richard M.
773 0 _tJournal of public economics
_g- Vol. 5, NÂș 3/4 (abr./mayo. 1976)
_wREV11485
999 _c25643
_d25643